The complete plays of William Wycherley /

Bibliographic Details
Main Author: Wycherley, William, 1640-1716
Other Authors: Weales, Gerald Clifford, 1925-
Format: Book
Language:English
Published: [New York] : New York University Press, 1967
Series:Stuart editions.

MARC

Tag First Indicator Second Indicator Subfields
LEADER 00000cam a2200000 4500
001 in00000613421
005 20151015050211.0
008 720717c19671966nyu b 00010 eng
010 |a  67015625  
035 |a (OCoLC)00357813 
035 |9 ACS8628AM 
040 |c WSU  |d TXA  |d UtOrBLW 
049 |a TXAM  |c [476819] 
050 0 0 |a PR3770  |b .F67 
100 1 |a Wycherley, William,  |d 1640-1716. 
245 1 4 |a The complete plays of William Wycherley /  |c Edited with an introd., notes and variants, by Gerard Weales. 
264 1 |a [New York] :  |b New York University Press,  |c 1967 
264 4 |c [©1966] 
300 |a xxiii, 534 pages ;  |c 24 cm. 
336 |a text  |b txt  |2 rdacontent 
337 |a unmediated  |b n  |2 rdamedia 
338 |a volume  |b nc  |2 rdacarrier 
490 1 |a The Stuart editions 
500 |a Facsims. of original title pages. 
504 |a Includes bibliographical references. 
505 0 |a Love in a wood.--The gentleman-dancing-master.--The country-wife.--The plain-dealer. 
536 |a From the library of Harrison T. Meserole, 2002. 
700 1 |a Weales, Gerald Clifford,  |d 1925- 
830 0 |a Stuart editions. 
999 |a MARS 
999 f f |s 675e9ffb-cd55-32ff-a25a-556aeb625326  |i 3dec8991-c29c-3457-9619-6380a78a41d3  |t 0 
952 f f |p ric  |a Texas A&M University  |b Rellis Campus  |c Joint Library Facility  |s JLF  |d Remote Storage  |t 0  |e PR3770 .F67  |h Library of Congress classification  |i unmediated -- volume  |m A14829858320 
998 f f |a PR3770 .F67  |t 0  |l Remote Storage